| 000 | 00697nam a22002411a 4500 | ||
|---|---|---|---|
| 001 | 75338 | ||
| 003 | BD-RjUL | ||
| 005 | 20211209082656.0 | ||
| 008 | 190313s1983 n ||||| b||| 00| 0 eng d | ||
| 020 |
_a0201078112 _c: |
||
| 020 | _a9780201078114 | ||
| 035 | _a(BD-RjUL)75556 | ||
| 040 |
_aBD-RjUL _beng _cBD-RjUL |
||
| 041 | _aeng | ||
| 082 |
_223 _a657.076 _bFRA 1983 |
||
| 100 | _4Francisco, Albert K | ||
| 245 | 1 | 0 |
_aCPA review of theory and practice / _cAlbert K Francisco; Kenneth A Smith |
| 260 |
_aReading, Mass. : _bAddison-Wesley, _c1984. |
||
| 300 |
_axvi, 791 pages ; _bill. ; _c28 cm |
||
| 650 |
_aAccounting _9229347 |
||
| 700 |
_aSmith, Kenneth A _9229350 |
||
| 942 |
_2ddc _cBK |
||
| 999 |
_c75338 _d75338 |
||